<?xml version="1.0" encoding="UTF-8"?>
<marc:record xmlns:marc="http://www.loc.gov/MARC21/slim">
   <marc:leader>00000nam a2200000 a 4500</marc:leader>
   <marc:datafield ind1="1" ind2=" " tag="100">
      <marc:subfield code="a">Mayle, Peter</marc:subfield>
      <marc:subfield code="4">aut</marc:subfield>
      <marc:subfield code="e">Verfasser/-in</marc:subfield>
   </marc:datafield>
   <marc:datafield ind1=" " ind2=" " tag="653">
      <marc:subfield code="a">Humor</marc:subfield>
   </marc:datafield>
   <marc:datafield ind1=" " ind2=" " tag="653">
      <marc:subfield code="a">P2019</marc:subfield>
   </marc:datafield>
   <marc:datafield ind1="0" ind2="0" tag="245">
      <marc:subfield code="a">Hotel PastisRoman</marc:subfield>
   </marc:datafield>
   <marc:datafield ind1=" " ind2="1" tag="264">
      <marc:subfield code="b">Donauland</marc:subfield>
      <marc:subfield code="c">1994</marc:subfield>
   </marc:datafield>
   <marc:datafield ind1="1" ind2=" " tag="520">
      <marc:subfield code="a">Simon Shaw, Werbemanager aus London, hat Job und Privatleben ziemlich satt. Ein Kurzurlaub in der Provence bringt die große Veränderung, auf die er unbewusst gehofft hatte. In einer alten Gendarmerie richtet er mit Hilfe seiner Eroberung Nicole und seinem Faktotum Ernest  ein Hotel seines Geschmacks ein, in dem bald reiche und erholungsbedürftige Leute eine Zufluchtsstätte finden...</marc:subfield>
   </marc:datafield>
</marc:record>
